000 00493nam a2200169 i 4500
001 30034
003 ES-MaACL
005 20230906154128.0
007 t|
008 030123s1916 ag ||||1| spa d
100 1 _aBarros Arana, Diego.
_926053
245 1 0 _aCompendio elemental de historia de América /
_cDiego Barros Arana.
260 _aBuenos Aires :
_b[s.n.],
_c1916 (
_fCabaut y C.)
300 _a557 p. ;
_c19 cm.
651 4 _aAmérica-
_xHistoria.
_97703
852 _aES-MaACL
_jD-3002
999 _c30034
_d30034